| 000 | 01625nam a2200361 c 4500 | ||
|---|---|---|---|
| 003 | BLK | ||
| 005 | 20191007130140.0 | ||
| 008 | 180411b bul|||||r ||||||| ||bul|| | ||
| 010 | _aKNG00175916000 | ||
| 040 | _aBLK | ||
| 041 |
_aBUL _cBUL |
||
| 080 |
_aОснови на математиката в основното образование _b372.47 _x(076)(075.2) _z372.47(076)(075.2) |
||
| 100 | 1 |
_aЙорданова, Дафинка Денева _eпърви автор _9363489 |
|
| 700 | 1 |
_aГечева, Цветана _eсъавт. _9245474 |
|
| 139 |
_aЙорданова, Дафинка Денева и др. _bИ 83 |
||
| 245 | 1 | 0 |
_aУчебно помагало по математика за ІІ клас от задачи за индивидуална и диференцирана работа _b250 задачи - отговори, упътвания, решения _cДафинка Денева Йорданова; съавт. Цветана Гечева. |
| 257 | _aBGR | ||
| 260 |
_аВарна _bАлфа 10 _c1993 |
||
| 300 |
_a58 с. _bс ил. _c20 см |
||
| 380 | _a3 | ||
| 500 | _aОфс. изд. - 4 030 тир. | ||
| 650 | 4 |
_aМатематика - задачи - учебни помагала _9241584 |
|
| 653 | _aматематика | ||
| 653 | _aІІ кл. | ||
| 653 | _aзадачи | ||
| 653 | _aучебни помагала | ||
| 653 | _aучебници за основни училища | ||
| 852 | _aЦб 177182 | ||
| 856 | 4 |
_qpdf _u |
|
| 856 | 4 |
_qpdf _u |
|
| 942 |
_cKNG _n0 _03 |
||
| 944 |
_aCR _c28.05.2015 _lф / _kЛюдмила_Стоянова |
||
| 944 |
_aED _c28.05.2015 _lф / _kЛюдмила_Стоянова |
||
| 999 |
_c168049 _d168049 |
||